[Event "11PCR_F"]
[Site "?"]
[Date "2002.??.??"]
[Round "?"]
[White "Valenta, Josef"]
[Black "Pospisil, Ludvik"]
[Result "0-1"]
[WhiteElo "2160"]
[BlackElo "2390"]
[PlyCount "60"]
[EventDate "2002.??.??"]
[EventType "corr"]
[SourceDate "2004.??.??"]

1. d4 d5 2. c4 e6 3. Nf3 c6 4. Bg5 Be7 5. Bxe7 Qxe7 6. Nbd2 Nf6 7. e3 O-O 8.
Bd3 Nbd7 9. Qc2 dxc4 10. Nxc4 c5 11. e4 b5 12. Ncd2 c4 13. Be2 Bb7 14. O-O Nb6
15. Rfe1 Rac8 16. Rac1 Na4 17. e5 Nd5 18. b3 Nb4 19. Qb1 cxb3 20. Qxb3 Bd5 21.
Qa3 a6 22. Rxc8 Rxc8 23. Rc1 Rxc1+ 24. Qxc1 Bxa2 25. Ne4 Bd5 26. Nd6 Nc6 27.
Qe3 h6 28. Nd2 Qa7 29. Qf4 Nc3 30. Bh5 Kh7 0-1

[Event "11PCR_F"]
[Site "?"]
[Date "2002.??.??"]
[Round "?"]
[White "Splichal, Josef"]
[Black "Jarabinsky, Martin"]
[Result "1-0"]
[WhiteElo "2155"]
[BlackElo "2000"]
[PlyCount "113"]
[EventDate "2002.??.??"]
[EventType "corr"]
[SourceDate "2004.??.??"]

1. e4 c5 2. Nf3 Nc6 3. d4 cxd4 4. Nxd4 Nf6 5. Nc3 d6 6. Bg5 Bd7 7. Qd2 Rc8 8.
Nb3 a6 9. O-O-O Na5 10. Nxa5 Qxa5 11. f3 h6 12. Bh4 g5 13. Bf2 Bg7 14. Kb1 Be6
15. Bd4 Rxc3 16. Qxc3 Qxa2+ 17. Kc1 O-O 18. Qb4 b5 19. Bd3 Rc8 20. Rhe1 Nd7 21.
Bxg7 Kxg7 22. Kd2 Qa4 23. Qxa4 bxa4 24. Bxa6 Rb8 25. Kc3 Nc5 26. Bf1 f6 27. Rd4
Bf7 28. Rb4 Ra8 29. Ra1 Rc8 30. Kd2 Be6 31. Ra3 Bd7 32. b3 axb3 33. cxb3 f5 34.
Rb6 fxe4 35. b4 Nd3 36. Bxd3 exd3 37. Rxd3 Kf6 38. Rb3 Bf5 39. Rb2 g4 40. fxg4
Bxg4 41. b5 Be6 42. Rc6 Rb8 43. Rc7 Rb6 44. Ke3 Bd5 45. g4 e6 46. h4 Ba8 47. h5
Bd5 48. Rh7 Ke5 49. Rxh6 Be4 50. Rxe6+ Kxe6 51. Kxe4 Kf6 52. Kf4 Kg7 53. g5 d5
54. Ke5 d4 55. Kxd4 Kf7 56. Kc5 Rb8 57. b6 1-0

[Event "11PCR_F"]
[Site "?"]
[Date "2002.??.??"]
[Round "?"]
[White "Cervenka, Jan"]
[Black "Slavik, Miroslav"]
[Result "0-1"]
[WhiteElo "2155"]
[BlackElo "2030"]
[PlyCount "54"]
[EventDate "2002.??.??"]
[EventType "corr"]
[SourceDate "2004.??.??"]

1. e4 c6 2. d4 d5 3. e5 Bf5 4. Nf3 e6 5. Be2 c5 6. Be3 Qb6 7. b3 Nc6 8. O-O
cxd4 9. Nxd4 Nxd4 10. Bxd4 Bc5 11. Bb2 a6 12. Nc3 Qc7 13. Rc1 Ne7 14. Bd3 Bxd3
15. Qxd3 Nc6 16. Na4 Ba7 17. Qg3 O-O 18. Ba3 Rfc8 19. Bd6 Qa5 20. c4 dxc4 21.
Rxc4 Nd4 22. Rxc8+ Rxc8 23. Qd3 Rc2 24. Kh1 h6 25. h3 Qb5 26. Rd1 Qxd3 27. Rxd3
Ne2 0-1

[Event "11PCR_F"]
[Site "?"]
[Date "2002.??.??"]
[Round "?"]
[White "Vinklarek, Vlastimil"]
[Black "Jakimic, Viktor"]
[Result "1-0"]
[WhiteElo "2135"]
[BlackElo "2095"]
[PlyCount "116"]
[EventDate "2002.??.??"]
[EventType "corr"]
[SourceDate "2004.??.??"]

1. d4 d5 2. c4 c6 3. cxd5 cxd5 4. Nc3 Nf6 5. Nf3 Nc6 6. Bf4 g6 7. e3 a6 8. Be2
Nh5 9. Bg5 h6 10. Bh4 Bg7 11. O-O g5 12. Nd2 Nf4 13. exf4 gxh4 14. Nb3 O-O 15.
Bf3 e6 16. f5 h3 17. fxe6 fxe6 18. Ne2 Qg5 19. Qc1 Qg6 20. Qc3 Bd7 21. Rad1
hxg2 22. Bxg2 e5 23. dxe5 Bxe5 24. Qd3 Bf5 25. Qxd5+ Kh8 26. Ng3 Bxb2 27. Na5
Nxa5 28. Qxa5 Bd3 29. Qd2 Bc2 30. Qb4 Bf6 31. Rd7 Rfd8 32. Rxb7 Rd4 33. Qb6
Rad8 34. Rc7 R4d6 35. Qb7 Re8 36. Bf3 Rg8 37. Rxc2 Qxc2 38. Be4 Rd7 39. Qxd7
Qxe4 40. Qd6 Qg6 41. Re1 a5 42. Re6 Qb1+ 43. Kg2 Bg7 44. Qa6 Rf8 45. Qxa5 Qb7+
46. Kg1 Ra8 47. Qf5 Qb2 48. Re2 Qa3 49. Kg2 Rf8 50. Qg6 Qa8+ 51. Kh3 Qb7 52. a4
Qd7+ 53. Qg4 Qa7 54. Nh5 Qd4 55. Qxg7+ Qxg7 56. Nxg7 Kxg7 57. Ra2 Ra8 58. a5
Ra6 1-0

[Event "11PCR_F"]
[Site "?"]
[Date "2002.??.??"]
[Round "?"]
[White "Chvojka, Jaroslav"]
[Black "Batka, Josef"]
[Result "0-1"]
[WhiteElo "2125"]
[BlackElo "2115"]
[PlyCount "106"]
[EventDate "2002.??.??"]
[EventType "corr"]
[SourceDate "2004.??.??"]

1. d4 Nf6 2. Bg5 c5 3. dxc5 e6 4. e3 Bxc5 5. Bd3 h6 6. Bh4 d5 7. Nf3 Nc6 8. O-O
O-O 9. c4 dxc4 10. Bxc4 g5 11. Bg3 Ne4 12. Qc2 Nxg3 13. hxg3 Qe7 14. Nc3 b6 15.
Ne4 Bb7 16. Rad1 Rfd8 17. a3 g4 18. Nh4 Ne5 19. Be2 Rdc8 20. Nxc5 Rxc5 21. Qa4
Bc6 22. Qf4 Qg5 23. b4 Rc2 24. Rfe1 Rc8 25. b5 Ba8 26. Qa4 R8c7 27. Qf4 Kg7 28.
Qd4 Qf6 29. Rd2 Bd5 30. Rxc2 Rxc2 31. Qa4 Ra2 32. Qd4 Rxa3 33. Bxg4 Nd3 34.
Qxf6+ Kxf6 35. Rb1 Rb3 36. Ra1 Rxb5 37. Be2 Rb3 38. Bxd3 Rxd3 39. Rxa7 b5 40.
Ra6 Rd1+ 41. Kh2 Rd2 42. f3 b4 43. Rb6 b3 44. e4 Bc4 45. f4 b2 46. Nf3 Re2 47.
g4 Ba2 48. e5+ Kg7 49. Nd4 Rf2 50. Kg3 Rd2 51. Nf3 Rc2 52. Nd4 b1=Q 53. Rxb1
Rc3+ 0-1

[Event "11PCR_F"]
[Site "?"]
[Date "2002.??.??"]
[Round "?"]
[White "Boleslav, Petr"]
[Black "Batka, Josef"]
[Result "1-0"]
[WhiteElo "1735"]
[BlackElo "2115"]
[PlyCount "93"]
[EventDate "2002.??.??"]
[EventType "corr"]
[SourceDate "2004.??.??"]

1. e4 c5 2. Nf3 Nc6 3. d4 cxd4 4. Nxd4 e5 5. Nb5 d6 6. N1c3 a6 7. Na3 Nf6 8.
Bg5 b5 9. Bxf6 gxf6 10. Nd5 f5 11. Bd3 Be6 12. O-O Bxd5 13. exd5 Ne7 14. c3 Qd7
15. Nc2 Bg7 16. a4 O-O 17. Nb4 e4 18. Be2 f4 19. Qc2 Qf5 20. axb5 axb5 21. Rxa8
Rxa8 22. Rd1 Be5 23. Bxb5 f3 24. g3 Qg4 25. Nc6 Nxc6 26. dxc6 h5 27. Qd2 h4 28.
h3 Qxh3 29. Qg5+ Kf8 30. Bf1 Qc8 31. Qh6+ Ke8 32. Qxh4 Qxc6 33. Re1 d5 34. Qg5
Qd6 35. c4 Kf8 36. cxd5 Qxd5 37. Qf5 Rd8 38. b3 Bc3 39. Qxd5 Rxd5 40. Rxe4 Bd2
41. Bc4 Rg5 42. Rh4 Kg7 43. Kh2 Re5 44. Rd4 Re2 45. Kg1 Re1+ 46. Bf1 Re2 47.
Rd3 1-0

[Event "11PCR_F"]
[Site "?"]
[Date "2002.??.??"]
[Round "?"]
[White "Jakimic, Viktor"]
[Black "Chvojka, Jaroslav"]
[Result "1/2-1/2"]
[WhiteElo "2095"]
[BlackElo "2125"]
[PlyCount "87"]
[EventDate "2002.??.??"]
[EventType "corr"]
[SourceDate "2004.??.??"]

1. d4 Nf6 2. c4 c5 3. e3 e6 4. Nf3 d5 5. cxd5 exd5 6. Be2 Nc6 7. O-O Bd6 8.
dxc5 Bxc5 9. a3 O-O 10. b4 Bd6 11. Bb2 Bf5 12. Nbd2 a6 13. Rc1 Qe7 14. Nb3 Be4
15. Nfd4 Nxd4 16. Qxd4 Rfc8 17. Bd3 h6 18. h3 Bc7 19. Rfd1 Qd6 20. g3 Qe6 21.
Bf1 Bb6 22. Nc5 Bxc5 23. Rxc5 Rxc5 24. bxc5 Rc8 25. Bg2 Bxg2 26. Kxg2 Qe4+ 27.
Kg1 Qf3 28. Rd3 h5 29. h4 Qe2 30. Rd2 Qc4 31. Qxc4 dxc4 32. Bd4 Nd7 33. Rc2 Rc6
34. Rxc4 b6 35. e4 f6 36. a4 bxc5 37. a5 Ne5 38. Bxe5 fxe5 39. f4 Kf7 40. Kf2
Kf6 41. Ke3 Rc8 42. Kd3 Rd8+ 43. Kc3 Rc8 44. Kd3 1/2-1/2

[Event "11PCR_F"]
[Site "?"]
[Date "2002.??.??"]
[Round "?"]
[White "Slavik, Miroslav"]
[Black "Vinklarek, Vlastimil"]
[Result "1-0"]
[WhiteElo "2030"]
[BlackElo "2135"]
[PlyCount "127"]
[EventDate "2002.??.??"]
[EventType "corr"]
[SourceDate "2004.??.??"]

1. d4 Nf6 2. c4 e6 3. Nc3 Bb4 4. Qc2 c5 5. dxc5 Bxc5 6. Nf3 O-O 7. Bf4 Nc6 8.
a3 d5 9. e3 Qa5 10. Rd1 Ne4 11. cxd5 exd5 12. Nd2 Nxd2 13. Rxd2 d4 14. Nb5 dxe3
15. fxe3 Rd8 16. Bd3 Bf5 17. Bxf5 Rxd2 18. Bxh7+ Kh8 19. Qxd2 Qxd2+ 20. Kxd2
Kxh7 21. Rc1 Be7 22. Ke2 Bf6 23. b3 Kg6 24. Nd6 Bb2 25. Rc2 Bxa3 26. Nxb7 Nd8
27. Nxd8 Rxd8 28. Rc6+ f6 29. g4 Rd7 30. h4 Kf7 31. h5 Rb7 32. Rc7+ Rxc7 33.
Bxc7 Bf8 34. Bd8 g6 35. e4 Bh6 36. Kf3 Bd2 37. Bc7 Bc1 38. Bf4 Ba3 39. Ke2 Kg7
40. Kd3 a6 41. Kc4 gxh5 42. gxh5 Bf8 43. Bd2 Bd6 44. Kd5 Bg3 45. Ke6 Be5 46.
h6+ Kg6 47. Kd5 Bg3 48. Kc6 Bh4 49. b4 Kh7 50. Kb7 Bg5 51. Bxg5 fxg5 52. e5 g4
53. e6 g3 54. e7 g2 55. e8=Q g1=Q 56. Qe6 Qd4 57. Qb6 Qa1 58. Ka7 Qd1 59. Kxa6
Qc2 60. b5 Qa4+ 61. Kb7 Qb4 62. Qc6 Qb1 63. b6 Qb2 64. Qd6 1-0

[Event "11PCR_F"]
[Site "?"]
[Date "2002.??.??"]
[Round "?"]
[White "Jarabinsky, Martin"]
[Black "Cervenka, Jan"]
[Result "1/2-1/2"]
[WhiteElo "2000"]
[BlackElo "2155"]
[PlyCount "29"]
[EventDate "2002.??.??"]
[EventType "corr"]
[SourceDate "2004.??.??"]

1. d4 d5 2. c4 e6 3. Nc3 Nf6 4. Bg5 Be7 5. e3 h6 6. Bxf6 Bxf6 7. Nf3 O-O 8. Rc1
c6 9. Bd3 Nd7 10. O-O dxc4 11. Bxc4 e5 12. Ne4 exd4 13. Nxf6+ Nxf6 14. Qxd4
Qxd4 15. Nxd4 1/2-1/2

[Event "11PCR_F"]
[Site "?"]
[Date "2002.??.??"]
[Round "?"]
[White "Pospisil, Ludvik"]
[Black "Splichal, Josef"]
[Result "1-0"]
[WhiteElo "2390"]
[BlackElo "2155"]
[PlyCount "73"]
[EventDate "2002.??.??"]
[EventType "corr"]
[SourceDate "2004.??.??"]

1. e4 c5 2. Nf3 d6 3. b3 e6 4. Bb2 Nf6 5. e5 dxe5 6. Nxe5 Bd6 7. f4 O-O 8. Bd3
a6 9. Qf3 Ra7 10. O-O b5 11. Qh3 h6 12. Rf3 c4 13. bxc4 bxc4 14. Nxc4 Bb7 15.
Rf1 Bc5+ 16. Kh1 Nbd7 17. Nc3 Qc7 18. Na4 Be7 19. Bd4 Raa8 20. Nab6 Rae8 21.
Rab1 Nxb6 22. Rxb6 Bd5 23. Ne5 Ne4 24. Ng4 f5 25. Nxh6+ gxh6 26. Bxe4 Bxe4 27.
Qg3+ Bg5 28. d3 Rd8 29. Be3 Bd5 30. fxg5 Qxg3 31. hxg3 hxg5 32. Bxg5 Rb8 33.
Rfb1 Rxb6 34. Rxb6 e5 35. Rxa6 Ra8 36. Rg6+ Kf7 37. Rf6+ 1-0

[Event "11PCR_F"]
[Site "?"]
[Date "2002.??.??"]
[Round "?"]
[White "Nosek, Jaroslav"]
[Black "Valenta, Josef"]
[Result "1-0"]
[WhiteElo "2285"]
[BlackElo "2160"]
[PlyCount "55"]
[EventDate "2002.??.??"]
[EventType "corr"]
[SourceDate "2004.??.??"]

1. e4 e5 2. Nf3 Nc6 3. Bb5 a6 4. Ba4 Nf6 5. O-O Be7 6. Re1 b5 7. Bb3 O-O 8. c3
d6 9. h3 Na5 10. Bc2 c5 11. d4 Qc7 12. Nbd2 cxd4 13. cxd4 Bb7 14. d5 Rac8 15.
Bb1 Bd8 16. Nf1 Qd7 17. b3 Ba8 18. Be3 Nb7 19. b4 a5 20. a3 Ne8 21. Ng3 Nc7 22.
Bd3 g6 23. Rc1 Rb8 24. Qd2 axb4 25. axb4 f6 26. Rc2 f5 27. Rec1 f4 28. Ba7 1-0

[Event "11PCR_F"]
[Site "?"]
[Date "2002.??.??"]
[Round "?"]
[White "Doubek, Svatopluk"]
[Black "Thoma, Otomar"]
[Result "1/2-1/2"]
[WhiteElo "2270"]
[BlackElo "2185"]
[PlyCount "52"]
[EventDate "2002.??.??"]
[EventType "corr"]
[SourceDate "2004.??.??"]

1. d4 Nf6 2. c4 e6 3. Nc3 Bb4 4. e3 O-O 5. Bd3 d5 6. Nf3 c5 7. O-O Nc6 8. a3
Bxc3 9. bxc3 dxc4 10. Bxc4 Qc7 11. Bd3 e5 12. Qc2 Re8 13. Nxe5 Nxe5 14. dxe5
Qxe5 15. f3 Bd7 16. Rb1 b6 17. Re1 Rad8 18. c4 h6 19. Bb2 Qe7 20. Rbd1 Bc6 21.
Bf5 Rxd1 22. Qxd1 Rd8 23. Qc1 Bd7 24. Bc2 Be6 25. Ba4 Bd7 26. Bb3 Be6 1/2-1/2

[Event "11PCR_F"]
[Site "?"]
[Date "2002.??.??"]
[Round "?"]
[White "Canibal, Jaromir"]
[Black "Nedoma, Petr"]
[Result "1-0"]
[WhiteElo "2230"]
[BlackElo "2200"]
[PlyCount "146"]
[EventDate "2002.??.??"]
[EventType "corr"]
[SourceDate "2004.??.??"]

1. e4 e5 2. Nf3 Nc6 3. Bb5 a6 4. Ba4 Nf6 5. O-O b5 6. Bb3 Bb7 7. d3 Bc5 8. a4
O-O 9. Nc3 Na5 10. Nxe5 Nxb3 11. cxb3 b4 12. Ne2 d5 13. d4 Bd6 14. Nxf7 Rxf7
15. e5 Bf8 16. exf6 Qxf6 17. Bf4 c5 18. Be5 Qg6 19. Rc1 Re8 20. Re1 Qh5 21. Qd3
cxd4 22. f4 Qf5 23. Qxd4 Qg4 24. Ng3 Rc8 25. Nf1 Qf5 26. Ne3 Rxc1 27. Rxc1 Qg6
28. f5 Qh6 29. Rc2 Qg5 30. Rf2 Qh6 31. f6 gxf6 32. Rxf6 Rxf6 33. Bxf6 Qg6 34.
Qb6 Bc8 35. Qd8 Qe4 36. Bg5 Qe6 37. Bf4 Kf7 38. Qc7+ Be7 39. h3 Bd7 40. Kh2 Qe4
41. Nf1 Qe6 42. Nd2 Qc6 43. Qb8 Bf5 44. Nf3 Bf6 45. Bd6 Qc8 46. Qa7+ Kg8 47.
Be5 Bxe5+ 48. Nxe5 Qe8 49. Qc7 Qe6 50. Nc6 Bxh3 51. Qb8+ Kg7 52. Qa7+ Kg8 53.
Qxa6 Bf5 54. Qa8+ Kg7 55. Qb7+ Kf6 56. Qb6 Qd6+ 57. Kg1 Kf7 58. a5 Bc8 59. a6
Qg3 60. Qd4 Bxa6 61. Qxd5+ Kg7 62. Qd4+ Kg8 63. Qf6 Qg7 64. Qxg7+ Kxg7 65. Nxb4
Bb7 66. Nd3 Kf6 67. Kf2 Kf5 68. g3 Bc8 69. Kf3 Ke6 70. Ke4 Kd6 71. Kd4 Kc6 72.
Kc4 Ba6+ 73. Kc3 Kb5 1-0

[Event "11PCR_F"]
[Site "?"]
[Date "2002.??.??"]
[Round "?"]
[White "Nedoma, Petr"]
[Black "Boleslav, Petr"]
[Result "1/2-1/2"]
[WhiteElo "2200"]
[BlackElo "1735"]
[PlyCount "125"]
[EventDate "2002.??.??"]
[EventType "corr"]
[SourceDate "2004.??.??"]

1. e4 c5 2. Nf3 d6 3. d4 cxd4 4. Nxd4 Nf6 5. Nc3 a6 6. Bg5 e6 7. Be2 Be7 8. Qd3
Nbd7 9. O-O O-O 10. a4 Ne5 11. Qg3 Bd7 12. Rfd1 Qc7 13. a5 Rac8 14. Bh6 Ne8 15.
Bf4 Nc4 16. Bxc4 Qxc4 17. Nb3 Bf6 18. e5 dxe5 19. Bxe5 Bxe5 20. Qxe5 Nf6 21.
Rd2 Qc7 22. Qxc7 Rxc7 23. Rad1 Rfc8 24. f3 Kf8 25. g4 Bc6 26. Nd4 h6 27. Kf2
Bd7 28. Re1 g5 29. Kg3 h5 30. h3 Kg7 31. Kf2 hxg4 32. hxg4 Rc4 33. Kg3 Kg6 34.
Re5 Be8 35. Nb3 Bc6 36. Rd3 Be8 37. Nd2 R4c5 38. Rxc5 Rxc5 39. Nb3 Rc4 40. Rd8
Bd7 41. Nd2 Rc7 42. Kf2 Rc5 43. Nb3 Rc7 44. Ke3 Bc6 45. Nd2 Kg7 46. Kd4 Ng8 47.
Nce4 Bxe4 48. Nxe4 Rxc2 49. b4 Nf6 50. Rb8 e5+ 51. Kd3 Rc7 52. Nc5 Nd7 53. Nxd7
Rxd7+ 54. Kc4 f5 55. gxf5 Kf6 56. Rf8+ Ke7 57. Rg8 Kf6 58. Rf8+ Ke7 59. Rh8 Kf6
60. b5 Kxf5 61. Rf8+ Kg6 62. bxa6 bxa6 63. Rg8+ 1/2-1/2

[Event "11PCR_F"]
[Site "?"]
[Date "2002.??.??"]
[Round "?"]
[White "Thoma, Otomar"]
[Black "Canibal, Jaromir"]
[Result "1/2-1/2"]
[WhiteElo "2185"]
[BlackElo "2230"]
[PlyCount "61"]
[EventDate "2002.??.??"]
[EventType "corr"]
[SourceDate "2004.??.??"]

1. e4 e5 2. Nf3 Nf6 3. Nc3 Nc6 4. Bb5 Bb4 5. O-O O-O 6. d3 Nd4 7. Nxd4 exd4 8.
Ne2 c6 9. Bc4 Bc5 10. Bg5 h6 11. Bh4 g5 12. Bg3 d5 13. exd5 Nxd5 14. c3 Bg4 15.
Bxd5 Qxd5 16. b4 Bxe2 17. Qxe2 Rfe8 18. Qh5 Bf8 19. c4 Qf5 20. f4 Qxd3 21. fxg5
Qg6 22. Qxg6+ fxg6 23. Rf6 hxg5 24. Rxg6+ Kh7 25. Rxg5 Bxb4 26. Rb1 a5 27. a3
Bxa3 28. Be5 Rxe5 29. Rxe5 Bb4 30. g4 d3 31. Kf2 1/2-1/2

[Event "11PCR_F"]
[Site "?"]
[Date "2002.??.??"]
[Round "?"]
[White "Valenta, Josef"]
[Black "Doubek, Svatopluk"]
[Result "0-1"]
[WhiteElo "2160"]
[BlackElo "2270"]
[PlyCount "48"]
[EventDate "2002.??.??"]
[EventType "corr"]
[SourceDate "2004.??.??"]

1. c4 e6 2. Nf3 d5 3. cxd5 exd5 4. e3 c6 5. d4 Nf6 6. Nc3 Bd6 7. Bd3 Bg4 8. h3
Bh5 9. Qb3 b6 10. Nh4 O-O 11. Bd2 Re8 12. Nf5 Bc7 13. Qc2 Bg6 14. Rd1 c5 15.
dxc5 bxc5 16. g4 Nc6 17. Nb1 c4 18. Be2 Ne5 19. Kf1 d4 20. exd4 Qd5 21. Rg1 Nf3
22. Nc3 Nh2+ 23. Ke1 Qf3 24. Be3 Qxh3 0-1

[Event "11PCR_F"]
[Site "?"]
[Date "2002.??.??"]
[Round "?"]
[White "Splichal, Josef"]
[Black "Nosek, Jaroslav"]
[Result "1-0"]
[WhiteElo "2155"]
[BlackElo "2285"]
[PlyCount "45"]
[EventDate "2002.??.??"]
[EventType "corr"]
[SourceDate "2004.??.??"]

1. e4 e6 2. d4 d5 3. Nc3 Bb4 4. e5 c5 5. a3 Ba5 6. b4 cxd4 7. Qg4 Ne7 8. Nb5
Bc7 9. Qxg7 Rg8 10. Qxh7 a6 11. Nxc7+ Qxc7 12. Bb2 Qxe5+ 13. Ne2 Qc7 14. O-O-O
Nbc6 15. Nxd4 Nxd4 16. Rxd4 a5 17. Rd3 axb4 18. Rf3 bxa3 19. Qxf7+ Kd8 20. Bxa3
Re8 21. Qf6 Bd7 22. Rc3 Qa5 23. Bd3 1-0

[Event "11PCR_F"]
[Site "?"]
[Date "2002.??.??"]
[Round "?"]
[White "Cervenka, Jan"]
[Black "Pospisil, Ludvik"]
[Result "1/2-1/2"]
[WhiteElo "2155"]
[BlackElo "2390"]
[PlyCount "143"]
[EventDate "2002.??.??"]
[EventType "corr"]
[SourceDate "2004.??.??"]

1. e4 e5 2. Nc3 Nf6 3. Bc4 Bb4 4. Nf3 d6 5. a3 Bxc3 6. dxc3 O-O 7. Qe2 h6 8. h3
c6 9. Bd3 Be6 10. Rg1 Nbd7 11. g4 Re8 12. g5 hxg5 13. Nxg5 Nc5 14. Nxe6 Nxe6
15. Be3 d5 16. O-O-O dxe4 17. Bxe4 Qc7 18. Bf5 Nf4 19. Qf3 Rad8 20. Rxd8 Rxd8
21. Kb1 Kf8 22. Qg3 g6 23. Qg5 Ng8 24. h4 f6 25. Bc5+ Kg7 26. Qg3 Ne7 27. Bxe7
Qxe7 28. h5 g5 29. h6+ Kh8 30. Qe3 b6 31. Rh1 Ng2 32. Qe2 Nh4 33. Qg4 Rf8 34.
Rd1 Nxf5 35. Qxf5 Qh7 36. Qh3 f5 37. Rd6 g4 38. Qe3 Qe7 39. Qd2 f4 40. Qd3 Qg5
41. Rxc6 Qf5 42. Qd5 f3 43. Re6 g3 44. Rxe5 Qf7 45. Qd4 Qf4 46. Re4+ Qf6 47.
Qc4 gxf2 48. b3 b5 49. Qf1 Qg6 50. Rd4 Qg2 51. Rd1 Re8 52. Kb2 Qxf1 53. Rxf1
Kh7 54. Rxf2 Rf8 55. c4 bxc4 56. bxc4 Kxh6 57. Kc3 Kg5 58. c5 Kg4 59. Kc4 Kg3
60. Rf1 f2 61. c6 Kg2 62. Rd1 f1=Q+ 63. Rxf1 Kxf1 64. a4 Ke2 65. a5 Kd2 66. Kc5
Kxc2 67. c7 Kb3 68. Kc6 Kb4 69. Kb7 Kxa5 70. Kxa7 Rf7 71. Kb8 Rxc7 72. Kxc7
1/2-1/2

[Event "11PCR_F"]
[Site "?"]
[Date "2002.??.??"]
[Round "?"]
[White "Vinklarek, Vlastimil"]
[Black "Jarabinsky, Martin"]
[Result "1/2-1/2"]
[WhiteElo "2135"]
[BlackElo "2000"]
[PlyCount "103"]
[EventDate "2002.??.??"]
[EventType "corr"]
[SourceDate "2004.??.??"]

1. e4 c5 2. Nf3 d6 3. d4 cxd4 4. Nxd4 Nf6 5. Nc3 a6 6. Be3 e6 7. f3 b5 8. g3 d5
9. exd5 Nxd5 10. Nxd5 Qxd5 11. Bd3 Ra7 12. Be4 Qc4 13. Nc6 Nxc6 14. Bxc6+ Qxc6
15. Bxa7 Bc5 16. Bxc5 Qxc5 17. Qe2 Bb7 18. O-O-O O-O 19. Rd3 b4 20. Qe3 Qb5 21.
Kb1 Bd5 22. Rhd1 a5 23. Rd4 Rd8 24. f4 Rc8 25. f5 Qc5 26. Qd2 Qc6 27. fxe6 fxe6
28. h3 Rd8 29. c4 bxc3 30. Qxc3 Qe8 31. Ka1 Rc8 32. Qxa5 Ra8 33. Rxd5 Rxa5 34.
Rxa5 e5 35. Ra7 Qf8 36. a4 e4 37. Re1 Qd8 38. Rb7 Qd2 39. Rb8+ Kf7 40. Rf1+ Ke7
41. Rb3 e3 42. Rf4 Qd1+ 43. Ka2 Qd5 44. Ka3 Qe6 45. Rb7+ Ke8 46. Rb8+ Kd7 47.
Rfb4 Qd6 48. R8b7+ Kc8 49. R7b6 Qxg3 50. Rc4+ Kd8 51. Rd4+ Kc7 52. Rb3 1/2-1/2

[Event "11PCR_F"]
[Site "?"]
[Date "2002.??.??"]
[Round "?"]
[White "Chvojka, Jaroslav"]
[Black "Slavik, Miroslav"]
[Result "1/2-1/2"]
[WhiteElo "2125"]
[BlackElo "2030"]
[PlyCount "96"]
[EventDate "2002.??.??"]
[EventType "corr"]
[SourceDate "2004.??.??"]

1. d4 Nf6 2. Bg5 Ne4 3. Bf4 d5 4. f3 Nf6 5. Nc3 c5 6. e4 dxe4 7. dxc5 Qa5 8.
Bxb8 Rxb8 9. Qd4 exf3 10. Nxf3 a6 11. Rd1 Bg4 12. Be2 e6 13. b4 Qc7 14. O-O
Bxf3 15. Bxf3 Be7 16. Na4 e5 17. Qc3 e4 18. Be2 O-O 19. Nb6 Rfd8 20. Qe3 Rxd1
21. Rxd1 Rd8 22. Rxd8+ Bxd8 23. Qd4 Be7 24. Nd5 Nxd5 25. Qxd5 a5 26. a3 Bf6 27.
Qxe4 Kf8 28. Bf3 axb4 29. axb4 Bc3 30. g3 Qd7 31. Qxh7 Qd4+ 32. Kg2 Bxb4 33. c6
bxc6 34. Bxc6 g6 35. Qh6+ Ke7 36. Qg5+ Kf8 37. Qc1 Bc3 38. h4 Kg7 39. Bf3 f5
40. Qa3 Qd2+ 41. Kh3 Qe3 42. Qa8 Kh6 43. g4 fxg4+ 44. Kxg4 Qg1+ 45. Kf4 Qh2+
46. Kg4 Qg1+ 47. Kf4 Qh2+ 48. Kg4 Qg1+ 1/2-1/2

[Event "11PCR_F"]
[Site "?"]
[Date "2002.??.??"]
[Round "?"]
[White "Batka, Josef"]
[Black "Jakimic, Viktor"]
[Result "1-0"]
[WhiteElo "2115"]
[BlackElo "2095"]
[PlyCount "78"]
[EventDate "2002.??.??"]
[EventType "corr"]
[SourceDate "2004.??.??"]

1. e4 c5 2. c3 e6 3. d4 cxd4 4. cxd4 d5 5. e5 Nc6 6. Nf3 Bb4+ 7. Nc3 Nge7 8.
Bd3 Ng6 9. O-O a6 10. Be3 Bd7 11. Rc1 b5 12. Ng5 Be7 13. f4 Bxg5 14. fxg5 Nb4
15. Bb1 Qe7 16. a3 Nc6 17. b4 Rc8 18. Qh5 Nd8 19. Bd3 Nb7 20. Rf2 Nd8 21. Rfc2
Rc6 22. h4 Qf8 23. Qg4 Ne7 24. Qf3 Nc8 25. a4 Na7 26. axb5 axb5 27. Bxb5 Qxb4
28. Bxc6 Naxc6 29. Rb1 Qc4 30. Qd1 O-O 31. Ne4 Qa6 32. Nc5 Qa7 33. h5 Be8 34.
h6 gxh6 35. gxh6 f6 36. Nxe6 Nxe6 37. Qg4+ Kf7 38. Qf5 Ke7 39. Qxh7+ Kd8 1-0

[Event "11PCR_F"]
[Site "?"]
[Date "2002.??.??"]
[Round "?"]
[White "Boleslav, Petr"]
[Black "Jakimic, Viktor"]
[Result "1-0"]
[WhiteElo "1735"]
[BlackElo "2095"]
[PlyCount "51"]
[EventDate "2002.??.??"]
[EventType "corr"]
[SourceDate "2004.??.??"]

1. e4 c5 2. Nf3 Nc6 3. d4 cxd4 4. Nxd4 g6 5. c4 Bg7 6. Be3 Nf6 7. Nc3 Ng4 8.
Qxg4 Nxd4 9. Qd1 Ne6 10. Rc1 Qa5 11. Bd3 Nc5 12. O-O d6 13. Rc2 O-O 14. Nd5 Qd8
15. b4 Nxd3 16. Qxd3 b6 17. Bd4 Bb7 18. Bxg7 Kxg7 19. f4 e6 20. Nc3 a6 21. f5
Qc7 22. f6+ Kh8 23. Rd2 Rac8 24. Rf3 g5 25. Rh3 g4 26. Rxh7+ 1-0

[Event "11PCR_F"]
[Site "?"]
[Date "2002.??.??"]
[Round "?"]
[White "Slavik, Miroslav"]
[Black "Batka, Josef"]
[Result "0-1"]
[WhiteElo "2030"]
[BlackElo "2115"]
[PlyCount "136"]
[EventDate "2002.??.??"]
[EventType "corr"]
[SourceDate "2004.??.??"]

1. d4 Nf6 2. c4 c5 3. d5 e6 4. Nc3 exd5 5. cxd5 d6 6. e4 g6 7. Nf3 Bg7 8. Nd2
O-O 9. Be2 Re8 10. O-O a6 11. a4 Nbd7 12. Re1 Ne5 13. Qc2 Nfg4 14. Bxg4 Bxg4
15. f4 Nd7 16. Nc4 Nb6 17. Nxb6 Qxb6 18. a5 Qd8 19. Be3 b5 20. axb6 Qxb6 21.
Na4 Qb7 22. Bd2 Bd4+ 23. Be3 Bg7 24. Bd2 Rab8 25. Bc3 f6 26. Ra3 Bd7 27. Qd2
Re7 28. Qc2 Rbe8 29. Raa1 c4 30. Bd4 f5 31. Bxg7 Kxg7 32. Nc3 fxe4 33. Qe2 Kg8
34. Qe3 Rf7 35. Rad1 Qxb2 36. Rb1 Qa3 37. Ra1 Qc5 38. Qxc5 dxc5 39. Rxe4 Rxe4
40. Nxe4 Rxf4 41. Nxc5 Bb5 42. g3 Rd4 43. Kf2 Rxd5 44. Nxa6 Rd2+ 45. Ke3 c3 46.
Nb4 Rxh2 47. Ra5 Bf1 48. Rc5 Rg2 49. Kf4 Rb2 50. Nd5 c2 51. Rc7 Bd3 52. Nf6+
Kf8 53. Ke3 Rb1 54. Nxh7+ Ke8 55. Kxd3 c1=Q 56. Nf6+ Kd8 57. Rxc1 Rxc1 58. Kd4
Rf1 59. Ke5 Ke7 60. Nd5+ Kf7 61. Ke4 Rf5 62. Ne3 Ra5 63. Nd1 Ra4+ 64. Kf3 Ke6
65. Ne3 g5 66. Ng4 Ra3+ 67. Kg2 Kf5 68. Kh3 Ra6 0-1

[Event "11PCR_F"]
[Site "?"]
[Date "2002.??.??"]
[Round "?"]
[White "Jarabinsky, Martin"]
[Black "Chvojka, Jaroslav"]
[Result "1/2-1/2"]
[WhiteElo "2000"]
[BlackElo "2125"]
[PlyCount "129"]
[EventDate "2002.??.??"]
[EventType "corr"]
[SourceDate "2004.??.??"]

1. d4 Nf6 2. c4 c5 3. d5 e6 4. Nf3 exd5 5. cxd5 d6 6. Nc3 g6 7. e4 Bg7 8. Be2
O-O 9. O-O Re8 10. Nd2 Bd7 11. a4 Qc7 12. f3 Na6 13. Nc4 Nb4 14. Bf4 Bf8 15.
Qd2 Nh5 16. Bh6 Bxh6 17. Qxh6 Nc2 18. Rab1 Nd4 19. g4 b5 20. axb5 Nxe2+ 21.
Nxe2 Bxb5 22. b3 Nf6 23. Ng3 Qe7 24. g5 Nd7 25. f4 a5 26. e5 dxe5 27. Ne4 Bxc4
28. bxc4 exf4 29. Rxf4 Qxe4 30. Rxe4 Rxe4 31. Qh3 Ne5 32. Qa3 Rxc4 33. d6 Rg4+
34. Kh1 Rxg5 35. Qxc5 h6 36. Qc7 Kg7 37. Rf1 Rf8 38. d7 Nxd7 39. Qxd7 Rh5 40.
Qd4+ Kg8 41. Rf6 Rg5 42. h4 Rh5 43. Kg2 Kh7 44. Kf3 Kg8 45. Kg3 Kh7 46. Qc4 Kg7
47. Ra6 Kh7 48. Qc7 Kg8 49. Rxa5 Rxa5 50. Qxa5 f5 51. h5 f4+ 52. Kf2 gxh5 53.
Kf3 Kg7 54. Qxh5 Rf6 55. Qg4+ Kh7 56. Qd7+ Kg6 57. Qc7 Rf7 58. Qc2+ Kg7 59.
Qg2+ Kh7 60. Qb2 Rf8 61. Qb7+ Kg6 62. Qb1+ Kg7 63. Qg1+ Kh7 64. Qa7+ Kg6 65.
Qg1+ 1/2-1/2